00322nam a2200121Ia 4500008004100000041001200041082001600053100001600069245005700085260004200142300000900184650000700193221030s9999 xx 000 0 und d aEnglish a105.23bGup aJ. B. Gupta 0aFundamentals of Electrical Engineering & Electronics bS. K. Kataria & SonsaNew Delhic1998 a1200 aEE